Introduction (notice n° 1580300)

détails MARC
000 -LEADER
fixed length control field 01722cam a2200169 4500500
005 - DATE AND TIME OF LATEST TRANSACTION
control field 20251228050256.0
041 ## - LANGUAGE CODE
Language code of text/sound track or separate title fre
042 ## - AUTHENTICATION CODE
Authentication code dc
100 10 - MAIN ENTRY--PERSONAL NAME
Personal name Lequan, Mai
Relator term author
245 00 - TITLE STATEMENT
Title Introduction
260 ## - PUBLICATION, DISTRIBUTION, ETC.
Date of publication, distribution, etc. 2015.<br/>
500 ## - GENERAL NOTE
General note 57
520 ## - SUMMARY, ETC.
Summary, etc. En 1743-1744, Jean-Jacques Rousseau servit comme secrétaire de l’ambassadeur de France à Venise. Le récit qu’il donne de ce séjour dans les Confessions mentionne les « célèbres amusements de cette ville », mais ces descriptions ne doivent pas cacher l’essentiel : « on était en guerre ». De son bureau de la Sérénissime République, Rousseau perçoit les échos des batailles et des négociations de la Guerre de Succession d’Autriche. Touchant aux questions des formes de gouvernement et des relations internationales, les Dépêches de Venise peuvent se lire comme une initiation à l’art politique.
520 ## - SUMMARY, ETC.
Summary, etc. From 1743 to 1744, Jean-Jacques Rousseau served as the secretary to the French ambassador to Venice. What the Confessions recall from his stay there include notably “the celebrated amusements of that city”, but those anecdotes should not obliterate the fact that “it was in time of war”. From his office in the Most Serene Republic, Rousseau could hear the echoes of the battles and negociations of the War of the Austrian Succession. Dealing with the issues of the forms of government and international relations, the Venetian diplomatic correspondence can be read as an initiation to the art of politics.
786 0# - DATA SOURCE ENTRY
Note Archives de philosophie | 78 | 2 | 2015-04-20 | p. 362a-366a | 0003-9632
856 41 - ELECTRONIC LOCATION AND ACCESS
Uniform Resource Identifier <a href="https://shs.cairn.info/revue-archives-de-philosophie-2015-2-page-362a?lang=fr&redirect-ssocas=7080">https://shs.cairn.info/revue-archives-de-philosophie-2015-2-page-362a?lang=fr&redirect-ssocas=7080</a>

Pas d'exemplaire disponible.

PLUDOC

PLUDOC est la plateforme unique et centralisée de gestion des bibliothèques physiques et numériques de Guinée administré par le CEDUST. Elle est la plus grande base de données de ressources documentaires pour les Étudiants, Enseignants chercheurs et Chercheurs de Guinée.

Adresse

627 919 101/664 919 101

25 boulevard du commerce
Kaloum, Conakry, Guinée

Réseaux sociaux

Powered by Netsen Group @ 2025